000
00336nam a2200145Ia 4500
100
_a
Iyer/Sriram V/ Gupta/Pankaj
942
_c
BK
366
_f
15
654
_a
embedded real time
245
_a
Embedded Real time system programming
260
_b
Tata Mc Graw hill
_c
2004
082
_a
3.3
_b
IYE
300
_a
321
546
_a
ENGLISH
999
_c
31062
_d
31062